ნორმალური ფორმატი
MARC ფორმატი
ჩანაწერი Corporate Name
ჩანაწერთა რაოდენობა, რომელიც გამოყენებულია: 1
001 - CONTROL NUMBER
- control field: 19559
003 - CONTROL NUMBER IDENTIFIER
- control field: GE_BSU
005 - DATE AND TIME OF LATEST TRANSACTION
- control field: 20230728135045.0
008 - FIXED-LENGTH DATA ELEMENTS
- fixed length control field: 230728|| aca||aabn | a|a d
040 ## - CATALOGING SOURCE
- Original cataloging agency: GE_BSU
- Transcribing agency: GE_BSU
110 ## - HEADING--CORPORATE NAME
- Corporate name or jurisdiction name as entry element: საქართველოს მეცნებათა ეროვნული აკადემია
- Subordinate unit: ისტორიის, ეთნოლოგიის, რელიგიის შესწავლისა და პროპაგანდის სამეცნიერო ცენტრი
670 ## - SOURCE DATA FOUND
- Source citation: Work cat.: (GE_BSU)56195: ითონიშვილი, ვახტანგ 19557, დვალები და დვალეთი. წ. 1 /
